000 00294nam a2200121Ia 4500
008 240731s9999 xx 000 0 und d
022 _a2333-4509
245 0 _aWorld Leisure Journal
260 _bRoutledge
856 _uhttps://www.tandfonline.com/loi/rwle20
942 _2ddc
942 _cTFEJ
999 _c80313
_d80313
945 _a1
_bMadushi Gamage
_c1
_dMadushi Gamage